000 00344pab a2200145 454500
008 180718b2017 xxu||||| |||| 00| 0 eng d
100 _aDalvie, Suchitra
245 _aRight to safe abortion
260 _c2017
300 _ap.30-32.
362 _a19 Aug
650 _aAbortion
773 _aEconomic and Political Weekly
909 _a115631
999 _c115625
_d115625